000 00675nam a2200265Ia 4500
005 20260121172801.0
008 008 260114s9999 xx 000 0 eng d
020 _a9789811631689
037 _aEBOOK
040 _aCRL
040 _beng
040 _cCRL
041 _2eng
041 _aeng
084 _qCRL
100 _aAdrián de León-Arias, Patricio Aroca
_91092684
245 0 _aNAFTA’s Impact on Mexico’s Regional Development
260 _bSpringer
260 _bSpringer
260 _c2021
856 _uhttps://link.springer.com/openurl?genre=book&isbn=978-981-16-3168-9
942 _cEBOOK
999 _c1658424
_d1658424